Raja dharma with lessons on raja neeti / (Record no. 93328)

MARC details
000 -LEADER
fixed length control field 00601nam a22001937a 4500
005 - DATE AND TIME OF LATEST TRANSACTION
control field 20230428111151.0
010 ## - LCCN (DPL NO)
LC control number ENG-112865
020 ## - INTERNATIONAL STANDARD BOOK NUMBER
Terms of availability 295.00
International Standard Book Number 9789350350997
035 ## - SYSTEM CONTROL NUMBER
System control number EN-96397
037 ## - SOURCE OF ACQUISITION
Source of stock number/acquisition DBAD/PUB
082 ## - DEWEY DECIMAL CLASSIFICATION NUMBER
Classification number 342.54085
100 ## - MAIN ENTRY--PERSONAL NAME
Personal name Rama Jois, M.
245 ## - TITLE STATEMENT
Title Raja dharma with lessons on raja neeti /
Statement of responsibility, etc by M. Rama Jois
250 ## - EDITION STATEMENT
Edition statement 2nd ed
260 ## - PUBLICATION, DISTRIBUTION, ETC. (IMPRINT)
Place of publication, distribution, etc Delhi
Name of publisher, distributor, etc Universal Law Publishing
Date of publication, distribution, etc 2012(repr.)
270 ## - ADDRESS
Address C-FF-1A, Dilkhush Industrial Estate G.T. Karnal Road,
City Delhi
Postal code 110033
300 ## - PHYSICAL DESCRIPTION
Extent xxviii,163p.
Dimensions 25cm(Hb)
942 ## - ADDED ENTRY ELEMENTS (KOHA)
Source of classification or shelving scheme Dewey Decimal Classification
Item type English Books
Call number suffix RAM
Classification part 342.54085
Holdings
Withdrawn status Lost status Not for loan Collection code Home library Current library Date acquired Source of acquisition Cost, normal purchase price Full call number Barcode Copy number Cost, replacement price Koha item type
      Non-fiction Patel Nagar Patel Nagar 05/05/2015 DBAD/PUB 295.00 342.54085 RAM EN-96397 1 295.00 English Books

© Delhi Public Library
Hit Counter
free hit counter